000 00322nam a2200133Ia 4500
005 20250603145424.0
008 250603s9999 xx 000 0 und d
050 _aAE 5.N64/
245 0 _aNew standard encyclopedia
260 _aChicago
260 _bStandard educational corporation
650 _aChicago
942 _cBK
999 _c41810
_d41810